000
00297nam a2200109Ia 4500
008
201217s9999 xx 000 0 und d
100
_a
Parchure, Rajas and Kumar, N. Ashok
245
0
_a
Introduction To Lease Financing
260
_a
Pune
_b
The Times Research Foundation
300
_a
194
942
_c
BK
999
_c
7693
_d
7693